000
00331nam a22001337a 4500
008
190223b xxu||||| |||| 00| 0 eng d
020
_a
9780471530510
041
_a
eng
080
_a
902
100
_a
45
101
_a
ARKE
245
_a
The Archaeology Handbook. A Field Manual and Resource Guide
_c
McMillon, B
942
_2
udc
_c
BK
999
_c
54165
_d
54165